000 01235nmm a2200349 a 4500
001 ocm0001256711
003 TR-IsHL
005 20201028160233.0
008 150709s2015 tu tur
007 cr cn
020 _a9786059831086
035 _a1256711
_b(N$T)
050 0 4 _aHF5415.1265
_bK63 2015
090 0 4 _aHF5415.1265
_bK63 2015
100 1 _aKoçyiğit, Murat
245 1 0 _aSosyal ağ pazarlaması: marka bağlılığı oluşturmada yeni bir pazarlama stratejisi
_h[electronic resource] /
_cMurat Koçyiğit
260 _aKonya :
_bEğitim Yayınevi,
_c2015
300 _a175 p.
500 _aKaynakça var.
_x
650 4 _aMedya ve İletişim
650 4 _aCommunication & Media
650 0 _aİnternet pazarlama
650 0 _aInternet marketing
650 0 _aSosyal medya
_xEkonomik yönler
650 0 _aSocial media
_xEconomic aspects
650 0 _aMüşteri ilişkileri
_xYönetim
650 0 _aCustomer relations
_xManagement
650 0 _aBilgi teknolojisi
_xYönetim
650 0 _aInformation technology
_xManagement
650 7 _aBUSINESS & ECONOMICS / Marketing / General
_2bisacsh
856 4 0 _uhttp://search.ebscohost.com/login.aspx?direct=true&scope=site&db=e011xww&AN=1256711
999 _c13498
_d13498